000
00315nam a2200121Ia 4500
005
20260328101528.0
008
260328s9999||||xx |||||||||||||| ||und||
100
_a
Wright, Frank Lloyd
245
4
_a
The Architectural Forum January 1938 /
_c
Frank Lloyd Wright
300
_a
75 p.
650
_a
ARQUITECTOS
942
_c
BK
999
_c
9861
_d
9861